000 01504nam a22002417a 4500
999 _c57208
_d57208
003 Ge_BSU
005 20200117121338.0
008 200117s2007 ge ||||| |||| 00| 0 geo d
020 _a9789994031412
041 _ageo
080 _a811.124(075.3) გ-14
100 _aგაგუა,იამზე.
_96201
245 _aLingua Latina : ლათინური ენა :
_bსახელმძღვანელო /
_cიამზე გაგუა ; ეკატერინე გამყრელიძე ; რედ. რისმაგ გორდეზიანი.
250 _aმეოთხე შესწორ. გამოც
264 _aთბილისი :
_bლოგოსი,
_c2007.
300 _a279 გვ .:
_bილ .;
_c 20 სმ.
440 _aპროგრამა "ლოგოსი" : პუბლიკაციები და ღონისძიებები კლასიკური ფილოლოგიის, ბიზანტინისტიკისა და ნეოგრეცისტიკის სფეროში
_93642
653 _aლათინური ენა
700 _a გამყრელიძე, ეკატერინე
_96202
700 _aგორდეზიანი, რისმაგ
_eრედაქტორი
_93462
710 _eივ. ჯავახიშვილის სახ. თბილ. სახელმწიფო უნ-ტი.
_96203
942 _2udc
_cBK